<?xml version="1.0" encoding="UTF-8"?>
<record
    xmlns:xsi="http://www.w3.org/2001/XMLSchema-instance"
    xsi:schemaLocation="http://www.loc.gov/MARC21/slim http://www.loc.gov/standards/marcxml/schema/MARC21slim.xsd"
    xmlns="http://www.loc.gov/MARC21/slim">

  <leader>01044nam a2200277Ia 4500</leader>
  <controlfield tag="005">20241111100730.0</controlfield>
  <controlfield tag="008">210716s1985    xx            000 0 und d</controlfield>
  <datafield tag="020" ind1=" " ind2=" ">
    <subfield code="a">9780070662155</subfield>
  </datafield>
  <datafield tag="040" ind1=" " ind2=" ">
    <subfield code="c">AIMIT LIBRARY</subfield>
  </datafield>
  <datafield tag="041" ind1=" " ind2=" ">
    <subfield code="a">eng</subfield>
  </datafield>
  <datafield tag="082" ind1=" " ind2=" ">
    <subfield code="a">005.74 </subfield>
    <subfield code="2">1</subfield>
    <subfield code="b">CERS</subfield>
  </datafield>
  <datafield tag="100" ind1=" " ind2=" ">
    <subfield code="a">Ceri, Stefano.</subfield>
    <subfield code="9">45458</subfield>
  </datafield>
  <datafield tag="245" ind1=" " ind2=" ">
    <subfield code="a">Distributed databases :</subfield>
    <subfield code="b">principles and systems /</subfield>
    <subfield code="c">By Stefano Ceri,Giuseppe Pelagatti and Politecnico Di Milano.</subfield>
  </datafield>
  <datafield tag="250" ind1=" " ind2=" ">
    <subfield code="a">1st ed.</subfield>
  </datafield>
  <datafield tag="260" ind1=" " ind2=" ">
    <subfield code="a">New York :</subfield>
    <subfield code="b">Mc Graw Hill Book Company ,</subfield>
    <subfield code="c">1985 .</subfield>
  </datafield>
  <datafield tag="300" ind1=" " ind2=" ">
    <subfield code="a">xii, 393p. ;</subfield>
    <subfield code="c">21.5 cm.</subfield>
    <subfield code="b">PB</subfield>
  </datafield>
  <datafield tag="650" ind1=" " ind2=" ">
    <subfield code="a">Translation of global queries to fragment queries</subfield>
    <subfield code="9">45459</subfield>
  </datafield>
  <datafield tag="650" ind1=" " ind2=" ">
    <subfield code="a">Heterogeneous distributed database systems</subfield>
    <subfield code="9">45460</subfield>
  </datafield>
  <datafield tag="650" ind1=" " ind2=" ">
    <subfield code="a">Levels of distribution transparency</subfield>
    <subfield code="9">184622</subfield>
  </datafield>
  <datafield tag="650" ind1=" " ind2=" ">
    <subfield code="a">Distributed database design</subfield>
    <subfield code="9">184623</subfield>
  </datafield>
  <datafield tag="650" ind1=" " ind2=" ">
    <subfield code="a">concurrency control</subfield>
    <subfield code="9">184624</subfield>
  </datafield>
  <datafield tag="650" ind1=" " ind2=" ">
    <subfield code="a">Levels of distribution transparency</subfield>
    <subfield code="9">184598</subfield>
  </datafield>
  <datafield tag="650" ind1=" " ind2=" ">
    <subfield code="a">Distributed database systems</subfield>
    <subfield code="9">184599</subfield>
  </datafield>
  <datafield tag="700" ind1=" " ind2=" ">
    <subfield code="a">Pelagatti, Giuseppe.</subfield>
    <subfield code="9">45461</subfield>
  </datafield>
  <datafield tag="942" ind1=" " ind2=" ">
    <subfield code="2">ddc</subfield>
    <subfield code="c">BK</subfield>
    <subfield code="e">1st</subfield>
    <subfield code="k">005.74 CERS</subfield>
  </datafield>
  <datafield tag="999" ind1=" " ind2=" ">
    <subfield code="c">182645</subfield>
    <subfield code="d">182645</subfield>
  </datafield>
  <datafield tag="952" ind1=" " ind2=" ">
    <subfield code="0">0</subfield>
    <subfield code="1">0</subfield>
    <subfield code="2">ddc</subfield>
    <subfield code="4">0</subfield>
    <subfield code="7">3</subfield>
    <subfield code="8">MCA</subfield>
    <subfield code="a">AIMIT</subfield>
    <subfield code="b">AIMIT</subfield>
    <subfield code="d">2021-07-16</subfield>
    <subfield code="l">0</subfield>
    <subfield code="o">005.74 CERS</subfield>
    <subfield code="p">MCA02153</subfield>
    <subfield code="r">2025-07-21 00:00:00</subfield>
    <subfield code="w">2021-07-16</subfield>
    <subfield code="y">BK</subfield>
  </datafield>
  <datafield tag="952" ind1=" " ind2=" ">
    <subfield code="0">0</subfield>
    <subfield code="1">0</subfield>
    <subfield code="2">ddc</subfield>
    <subfield code="4">0</subfield>
    <subfield code="7">0</subfield>
    <subfield code="8">MCA</subfield>
    <subfield code="a">AIMIT</subfield>
    <subfield code="b">AIMIT</subfield>
    <subfield code="d">2021-07-16</subfield>
    <subfield code="l">0</subfield>
    <subfield code="o">005.74 CERS</subfield>
    <subfield code="p">MCA02507</subfield>
    <subfield code="r">2025-07-21 00:00:00</subfield>
    <subfield code="w">2021-07-16</subfield>
    <subfield code="y">BK</subfield>
  </datafield>
  <datafield tag="952" ind1=" " ind2=" ">
    <subfield code="0">0</subfield>
    <subfield code="1">0</subfield>
    <subfield code="2">ddc</subfield>
    <subfield code="4">0</subfield>
    <subfield code="7">0</subfield>
    <subfield code="8">MCA</subfield>
    <subfield code="a">AIMIT</subfield>
    <subfield code="b">AIMIT</subfield>
    <subfield code="d">2021-07-16</subfield>
    <subfield code="l">0</subfield>
    <subfield code="o">005.74 CERS</subfield>
    <subfield code="p">MCA04410</subfield>
    <subfield code="r">2025-07-21 00:00:00</subfield>
    <subfield code="w">2021-07-16</subfield>
    <subfield code="y">BK</subfield>
  </datafield>
  <datafield tag="952" ind1=" " ind2=" ">
    <subfield code="0">0</subfield>
    <subfield code="1">0</subfield>
    <subfield code="2">ddc</subfield>
    <subfield code="4">0</subfield>
    <subfield code="7">0</subfield>
    <subfield code="8">MCA</subfield>
    <subfield code="a">AIMIT</subfield>
    <subfield code="b">AIMIT</subfield>
    <subfield code="d">2021-07-16</subfield>
    <subfield code="l">0</subfield>
    <subfield code="o">005.74 CERS</subfield>
    <subfield code="p">MCA04411</subfield>
    <subfield code="r">2025-07-21 00:00:00</subfield>
    <subfield code="w">2021-07-16</subfield>
    <subfield code="y">BK</subfield>
  </datafield>
  <datafield tag="952" ind1=" " ind2=" ">
    <subfield code="0">0</subfield>
    <subfield code="1">0</subfield>
    <subfield code="2">ddc</subfield>
    <subfield code="4">0</subfield>
    <subfield code="7">0</subfield>
    <subfield code="8">MCA</subfield>
    <subfield code="a">AIMIT</subfield>
    <subfield code="b">AIMIT</subfield>
    <subfield code="e">Book World</subfield>
    <subfield code="g">243.00</subfield>
    <subfield code="i">Bill no:2078; Bill dt:2003-08-30</subfield>
    <subfield code="l">0</subfield>
    <subfield code="o">005.74 CERS</subfield>
    <subfield code="p">MCA05333</subfield>
    <subfield code="r">2025-07-21 00:00:00</subfield>
    <subfield code="v">206.55</subfield>
    <subfield code="w">2021-07-16</subfield>
    <subfield code="y">BK</subfield>
  </datafield>
  <datafield tag="952" ind1=" " ind2=" ">
    <subfield code="0">0</subfield>
    <subfield code="1">0</subfield>
    <subfield code="2">ddc</subfield>
    <subfield code="4">0</subfield>
    <subfield code="7">0</subfield>
    <subfield code="8">MCA</subfield>
    <subfield code="a">AIMIT</subfield>
    <subfield code="b">AIMIT</subfield>
    <subfield code="e">Book World</subfield>
    <subfield code="g">243.00</subfield>
    <subfield code="i">Bill no:2078; Bill dt:2003-08-30</subfield>
    <subfield code="l">0</subfield>
    <subfield code="o">005.74 CERS</subfield>
    <subfield code="p">MCA05334</subfield>
    <subfield code="r">2025-07-21 00:00:00</subfield>
    <subfield code="v">206.55</subfield>
    <subfield code="w">2021-07-16</subfield>
    <subfield code="y">BK</subfield>
  </datafield>
  <datafield tag="952" ind1=" " ind2=" ">
    <subfield code="0">0</subfield>
    <subfield code="1">0</subfield>
    <subfield code="2">ddc</subfield>
    <subfield code="4">0</subfield>
    <subfield code="7">0</subfield>
    <subfield code="8">MCA</subfield>
    <subfield code="a">AIMIT</subfield>
    <subfield code="b">AIMIT</subfield>
    <subfield code="e">Sita Book House</subfield>
    <subfield code="g">243.00</subfield>
    <subfield code="i">Bill no:5346; Bill dt:2003-11-17</subfield>
    <subfield code="l">0</subfield>
    <subfield code="o">005.74 CERS</subfield>
    <subfield code="p">MCA05460</subfield>
    <subfield code="r">2025-07-21 00:00:00</subfield>
    <subfield code="v">206.55</subfield>
    <subfield code="w">2021-07-16</subfield>
    <subfield code="y">BK</subfield>
  </datafield>
  <datafield tag="952" ind1=" " ind2=" ">
    <subfield code="0">0</subfield>
    <subfield code="1">0</subfield>
    <subfield code="2">ddc</subfield>
    <subfield code="4">0</subfield>
    <subfield code="7">0</subfield>
    <subfield code="8">MCA</subfield>
    <subfield code="a">AIMIT</subfield>
    <subfield code="b">AIMIT</subfield>
    <subfield code="e">Sita Book House</subfield>
    <subfield code="g">243.00</subfield>
    <subfield code="i">Bill no:5346; Bill dt:2003-11-17</subfield>
    <subfield code="l">0</subfield>
    <subfield code="o">005.74 CERS</subfield>
    <subfield code="p">MCA05461</subfield>
    <subfield code="r">2025-07-21 00:00:00</subfield>
    <subfield code="v">206.55</subfield>
    <subfield code="w">2021-07-16</subfield>
    <subfield code="y">BK</subfield>
  </datafield>
  <datafield tag="952" ind1=" " ind2=" ">
    <subfield code="0">0</subfield>
    <subfield code="1">0</subfield>
    <subfield code="2">ddc</subfield>
    <subfield code="4">0</subfield>
    <subfield code="7">0</subfield>
    <subfield code="8">MCA</subfield>
    <subfield code="a">AIMIT</subfield>
    <subfield code="b">AIMIT</subfield>
    <subfield code="e">Sita Book House</subfield>
    <subfield code="g">243.00</subfield>
    <subfield code="i">Bill no:5346; Bill dt:2003-11-17</subfield>
    <subfield code="l">0</subfield>
    <subfield code="o">005.74 CERS</subfield>
    <subfield code="p">MCA05462</subfield>
    <subfield code="r">2025-07-21 00:00:00</subfield>
    <subfield code="v">206.55</subfield>
    <subfield code="w">2021-07-16</subfield>
    <subfield code="y">BK</subfield>
  </datafield>
  <datafield tag="952" ind1=" " ind2=" ">
    <subfield code="0">0</subfield>
    <subfield code="1">0</subfield>
    <subfield code="2">ddc</subfield>
    <subfield code="4">0</subfield>
    <subfield code="7">0</subfield>
    <subfield code="8">MCA</subfield>
    <subfield code="a">AIMIT</subfield>
    <subfield code="b">AIMIT</subfield>
    <subfield code="e">Sita Book House</subfield>
    <subfield code="g">243.00</subfield>
    <subfield code="i">Bill no:5346; Bill dt:2003-11-17</subfield>
    <subfield code="l">0</subfield>
    <subfield code="o">005.74 CERS</subfield>
    <subfield code="p">MCA05463</subfield>
    <subfield code="r">2025-07-21 00:00:00</subfield>
    <subfield code="v">206.55</subfield>
    <subfield code="w">2021-07-16</subfield>
    <subfield code="y">BK</subfield>
  </datafield>
  <datafield tag="952" ind1=" " ind2=" ">
    <subfield code="0">0</subfield>
    <subfield code="1">0</subfield>
    <subfield code="2">ddc</subfield>
    <subfield code="4">0</subfield>
    <subfield code="7">0</subfield>
    <subfield code="8">MCA</subfield>
    <subfield code="a">AIMIT</subfield>
    <subfield code="b">AIMIT</subfield>
    <subfield code="e">Higginbothams Pvt Ltd</subfield>
    <subfield code="g">212.00</subfield>
    <subfield code="i">Bill no:7624; Bill dt:2007-08-11</subfield>
    <subfield code="l">0</subfield>
    <subfield code="o">005.74 CERS</subfield>
    <subfield code="p">MCA07571</subfield>
    <subfield code="r">2025-07-21 00:00:00</subfield>
    <subfield code="v">169.60</subfield>
    <subfield code="w">2021-07-16</subfield>
    <subfield code="y">BK</subfield>
  </datafield>
  <datafield tag="952" ind1=" " ind2=" ">
    <subfield code="0">0</subfield>
    <subfield code="1">0</subfield>
    <subfield code="2">ddc</subfield>
    <subfield code="4">0</subfield>
    <subfield code="7">0</subfield>
    <subfield code="8">MCA</subfield>
    <subfield code="a">AIMIT</subfield>
    <subfield code="b">AIMIT</subfield>
    <subfield code="e">Higginbothams Pvt Ltd</subfield>
    <subfield code="g">212.00</subfield>
    <subfield code="i">Bill no:7624; Bill dt:2007-08-11</subfield>
    <subfield code="l">0</subfield>
    <subfield code="o">005.74 CERS</subfield>
    <subfield code="p">MCA07572</subfield>
    <subfield code="r">2025-07-21 00:00:00</subfield>
    <subfield code="v">169.60</subfield>
    <subfield code="w">2021-07-16</subfield>
    <subfield code="y">BK</subfield>
  </datafield>
  <datafield tag="952" ind1=" " ind2=" ">
    <subfield code="0">0</subfield>
    <subfield code="1">0</subfield>
    <subfield code="2">ddc</subfield>
    <subfield code="4">0</subfield>
    <subfield code="7">0</subfield>
    <subfield code="8">MCA</subfield>
    <subfield code="a">AIMIT</subfield>
    <subfield code="b">AIMIT</subfield>
    <subfield code="e">Higginbothams Pvt Ltd</subfield>
    <subfield code="g">212.00</subfield>
    <subfield code="i">Bill no:7624; Bill dt:2007-08-11</subfield>
    <subfield code="l">0</subfield>
    <subfield code="o">005.74 CERS</subfield>
    <subfield code="p">MCA07573</subfield>
    <subfield code="r">2025-07-21 00:00:00</subfield>
    <subfield code="v">169.60</subfield>
    <subfield code="w">2021-07-16</subfield>
    <subfield code="y">BK</subfield>
  </datafield>
  <datafield tag="952" ind1=" " ind2=" ">
    <subfield code="0">0</subfield>
    <subfield code="1">0</subfield>
    <subfield code="2">ddc</subfield>
    <subfield code="4">0</subfield>
    <subfield code="7">0</subfield>
    <subfield code="8">MCA</subfield>
    <subfield code="a">AIMIT</subfield>
    <subfield code="b">AIMIT</subfield>
    <subfield code="e">Higginbothams Pvt Ltd</subfield>
    <subfield code="g">212.00</subfield>
    <subfield code="i">Bill no:7624; Bill dt:2007-08-11</subfield>
    <subfield code="l">0</subfield>
    <subfield code="o">005.74 CERS</subfield>
    <subfield code="p">MCA07574</subfield>
    <subfield code="r">2025-07-21 00:00:00</subfield>
    <subfield code="v">169.60</subfield>
    <subfield code="w">2021-07-16</subfield>
    <subfield code="y">BK</subfield>
  </datafield>
  <datafield tag="952" ind1=" " ind2=" ">
    <subfield code="0">0</subfield>
    <subfield code="1">0</subfield>
    <subfield code="2">ddc</subfield>
    <subfield code="4">0</subfield>
    <subfield code="7">0</subfield>
    <subfield code="8">MCA</subfield>
    <subfield code="a">AIMIT</subfield>
    <subfield code="b">AIMIT</subfield>
    <subfield code="e">Higginbothams Pvt Ltd</subfield>
    <subfield code="g">212.00</subfield>
    <subfield code="i">Bill no:7624; Bill dt:2007-08-11</subfield>
    <subfield code="l">0</subfield>
    <subfield code="o">005.74 CERS</subfield>
    <subfield code="p">MCA07575</subfield>
    <subfield code="r">2025-07-21 00:00:00</subfield>
    <subfield code="v">169.60</subfield>
    <subfield code="w">2021-07-16</subfield>
    <subfield code="y">BK</subfield>
  </datafield>
  <datafield tag="952" ind1=" " ind2=" ">
    <subfield code="0">0</subfield>
    <subfield code="1">0</subfield>
    <subfield code="2">ddc</subfield>
    <subfield code="4">0</subfield>
    <subfield code="7">0</subfield>
    <subfield code="8">MCA</subfield>
    <subfield code="a">AIMIT</subfield>
    <subfield code="b">AIMIT</subfield>
    <subfield code="e">Higginbothams Pvt Ltd</subfield>
    <subfield code="g">212.00</subfield>
    <subfield code="i">Bill no:7624; Bill dt:2007-08-11</subfield>
    <subfield code="l">0</subfield>
    <subfield code="o">005.74 CERS</subfield>
    <subfield code="p">MCA07576</subfield>
    <subfield code="r">2025-07-21 00:00:00</subfield>
    <subfield code="v">169.60</subfield>
    <subfield code="w">2021-07-16</subfield>
    <subfield code="y">BK</subfield>
  </datafield>
  <datafield tag="952" ind1=" " ind2=" ">
    <subfield code="0">0</subfield>
    <subfield code="1">0</subfield>
    <subfield code="2">ddc</subfield>
    <subfield code="4">0</subfield>
    <subfield code="7">0</subfield>
    <subfield code="8">MCA</subfield>
    <subfield code="a">AIMIT</subfield>
    <subfield code="b">AIMIT</subfield>
    <subfield code="e">Higginbothams Pvt Ltd</subfield>
    <subfield code="g">212.00</subfield>
    <subfield code="i">Bill no:7624; Bill dt:2007-08-11</subfield>
    <subfield code="l">0</subfield>
    <subfield code="o">005.74 CERS</subfield>
    <subfield code="p">MCA07577</subfield>
    <subfield code="r">2025-07-21 00:00:00</subfield>
    <subfield code="v">169.60</subfield>
    <subfield code="w">2021-07-16</subfield>
    <subfield code="y">BK</subfield>
  </datafield>
  <datafield tag="952" ind1=" " ind2=" ">
    <subfield code="0">0</subfield>
    <subfield code="1">0</subfield>
    <subfield code="2">ddc</subfield>
    <subfield code="4">0</subfield>
    <subfield code="7">0</subfield>
    <subfield code="8">MCA</subfield>
    <subfield code="a">AIMIT</subfield>
    <subfield code="b">AIMIT</subfield>
    <subfield code="e">Higginbothams Pvt Ltd</subfield>
    <subfield code="g">212.00</subfield>
    <subfield code="i">Bill no:7624; Bill dt:2007-08-11</subfield>
    <subfield code="l">0</subfield>
    <subfield code="o">005.74 CERS</subfield>
    <subfield code="p">MCA07578</subfield>
    <subfield code="r">2025-07-21 00:00:00</subfield>
    <subfield code="v">169.60</subfield>
    <subfield code="w">2021-07-16</subfield>
    <subfield code="y">BK</subfield>
  </datafield>
  <datafield tag="952" ind1=" " ind2=" ">
    <subfield code="0">0</subfield>
    <subfield code="1">0</subfield>
    <subfield code="2">ddc</subfield>
    <subfield code="4">0</subfield>
    <subfield code="7">0</subfield>
    <subfield code="8">MCA</subfield>
    <subfield code="a">AIMIT</subfield>
    <subfield code="b">AIMIT</subfield>
    <subfield code="e">Higginbothams Pvt Ltd</subfield>
    <subfield code="g">212.00</subfield>
    <subfield code="i">Bill no:7624; Bill dt:2007-08-11</subfield>
    <subfield code="l">0</subfield>
    <subfield code="o">005.74 CERS</subfield>
    <subfield code="p">MCA07579</subfield>
    <subfield code="r">2025-07-21 00:00:00</subfield>
    <subfield code="v">169.60</subfield>
    <subfield code="w">2021-07-16</subfield>
    <subfield code="y">BK</subfield>
  </datafield>
  <datafield tag="952" ind1=" " ind2=" ">
    <subfield code="0">0</subfield>
    <subfield code="1">0</subfield>
    <subfield code="2">ddc</subfield>
    <subfield code="4">0</subfield>
    <subfield code="7">0</subfield>
    <subfield code="8">MCA</subfield>
    <subfield code="a">AIMIT</subfield>
    <subfield code="b">AIMIT</subfield>
    <subfield code="e">Higginbothams Pvt Ltd</subfield>
    <subfield code="g">212.00</subfield>
    <subfield code="i">Bill no:7624; Bill dt:2007-08-11</subfield>
    <subfield code="l">0</subfield>
    <subfield code="o">005.74 CERS</subfield>
    <subfield code="p">MCA07580</subfield>
    <subfield code="r">2025-07-21 00:00:00</subfield>
    <subfield code="v">169.60</subfield>
    <subfield code="w">2021-07-16</subfield>
    <subfield code="y">BK</subfield>
  </datafield>
</record>
